A deserted cottage

Bibliographic Details
Main Author: C. Datarina
Corporate Author: Title
Format: Book
Published: Selangor : Eddiplex , 2004
Series:Files from the witty four adventure series
Subjects:

MARC

LEADER 00000cam a2200000 7i4500
001 0000002364
005 20151222.0
008 070712
020 |a 9838806056(set) 
020 |a 9838806110 
090 0 0 |a JF   |b AD ENG (2747) 
100 1 |a C. Datarina 
245 1 2 |a A deserted cottage   |c Datarina C 
260 |a Selangor :   |b Eddiplex ,   |c 2004 
440 |a Files from the witty four adventure series 
500 |a Children ages 7-9 years old (orange) 
650 0 |a Adventure 
650 0 |a Junior fiction   |x English   |x Languages 
710 0 |a Title 
999 |a 0000968247   |b Book   |c Children Collection   |e Cawangan Mersing 
999 |a 0000968248   |b Book   |c Children Collection   |e Cawangan Mersing 
999 |a 0000968250   |b Book   |c Children Collection   |e Perbadanan Perpustakaan Awam Johor 
999 |a 0000968251   |b Book   |c Children Collection   |e Perbadanan Perpustakaan Awam Johor 
999 |a 0000969089   |b Book   |c Children Collection   |e Cawangan Taman Universiti 
999 |a 0001053361   |b Book   |c Children Collection   |e Cawangan Mersing 
999 |a 0001053362   |b Book   |c Children Collection   |e Cawangan Batu Pahat 
999 |a 0001053363   |b Book   |c Children Collection   |e Cawangan Mersing